[Event "Berlin Lichtenberger op 18th"]
[Site "Berlin"]
[Date "2019.08.19"]
[Round "3"]
[White "Jugert, Ole"]
[Black "Bender, Sebastian1111"]
[Result "1/2-1/2"]
[WhiteElo "1739"]
[BlackElo "1911"]
[PlyCount "24"]
[EventDate "2019.08.17"]
[EventType "swiss"]
[EventRounds "9"]
[EventCountry "GER"]
[SourceTitle "EXT 2020"]
[Source "ChessBase"]
[SourceDate "2019.10.17"]
[SourceVersion "1"]
[SourceVersionDate "2019.10.17"]
[SourceQuality "1"]

1. d4 Nf6 2. c4 g6 3. Nc3 Bg7 4. Nf3 d6 5. Bf4 0-0 6. e3 Nbd7 7. Be2 c5 8. h3 Re8 9. 0-0 a6 10. a4 b6 11. d5 h6 12. Qd2 g5 1/2-1/2